| 000 | 01667nam a22002417a 4500 | ||
|---|---|---|---|
| 999 |
_c59098 _d59098 |
||
| 003 | Ge_BSU | ||
| 005 | 20221124171845.0 | ||
| 008 | 221124s1978ge xxu||||| |||| 00| 0 geo d | ||
| 041 | _ageo | ||
| 080 | _a821.112.3-3 ჰ-11 | ||
| 100 |
_aჰაინე, ჰაინრიხ, ავტორი. _916060 |
||
| 245 |
_aრჩეული თხზულებანი : _bპოეზია, პროზა / _cჰაინრიხ ჰაინე ; შემდგ.-რედ. დ. ლაშქარაძე, ი. ქემერტელიძე ; წინასიტყვ. ავტ. დ. ლაშქარაძე ; მთარგმ.: ა.გელოვანი და სხვ |
||
| 264 |
_aთბილისი : _bსაბჭოთა საქართველო, _c1978. |
||
| 300 |
_a974 გვ. : _b1 ფ. პორტრ. ; _c21 სმ. |
||
| 440 |
_aმსოფლიო ლიტერატურის ბიბლიოთეკა ; ტ. 36. I სერია _916061 |
||
| 501 | _aშენიშვნები და კომენტარები: გვ. 908-958. | ||
| 653 | _aრჩეული თხზულებანი : პოეზია, პროზა | ||
| 700 |
_aლაშქარაძე, დ _eშემდგენელ რედაქტორი _914588 |
||
| 700 |
_aქემერტელიძე, ი _eწინასიტყვაობის ავტორი _93760 |
||
| 700 |
_aლაშქარაძე , დ _eმთარგმნელი _914588 |
||
| 700 |
_aგელოვანი ა. და სხვ. _eმთარგმნელი _916062 |
||
| 942 |
_2udc _cBK |
||